Análisis del proceso de las políticas públicas : el caso de la política científica y tecnológica en México, en la década de los setentas /

Guardat en:
Dades bibliogràfiques
Autor principal: Cardozo Brum, Myriam (autor)
Altres autors: Esteso, Roberto L. (autor) (autor)
Format: Llibre
Idioma:espanyol
Col·lecció:(Documento de Trabajo CIDE ; Administración Pública) 7.
Matèries:
Etiquetes: Afegir etiqueta
Sense etiquetes, Sigues el primer a etiquetar aquest registre!

MARC

LEADER 00000nam^a2200000^a^4500
001 000187865
005 20250521000000.0
009 20260310102317.581
037 |a Acervo ITESO - Biblioteca 
041 |a ESP 
082 |a 303. 4830972  |b CAR 
100 |a Cardozo Brum, Myriam  |e (autor) 
245 1 0 |a Análisis del proceso de las políticas públicas :  |b el caso de la política científica y tecnológica en México, en la década de los setentas /  |c M. Cardozo Brum, R.L. Esteso M. 
264 |a México :  |b CIDE,  |c 1982 
300 |a 25 p. 
336 |a texto  |b txt  |2 rdacontenido 
337 |a sin mediación  |b n  |2 rdamedio 
338 |a volumen  |b nc  |2 rdasoporte 
440 1 |a (Documento de Trabajo CIDE ;  |v 7.  |p Administración Pública) 
649 |a XX 
650 |a Política Científica y Tecnológica -  |z México -  |x Historia -  |y 1970-1979 
650 |a Política Científica y Tecnológica -  |z México -  |x Historia -  |y Siglo XX 
650 |a Políticas Públicas -  |z México -  |x Historia -  |y 1970-1979 
650 |a Políticas Públicas -  |z México -  |x Historia -  |y Siglo XX 
650 |a Tecnología y Sociedad -  |z México 
650 |a Desarrollo Tecnológico -  |z México 
650 |a Ciencia y Desarrollo -  |z México 
650 |a Administración Pública -  |z México 
650 |a Sociología de la Ciencia 
700 |a Esteso, Roberto L.  |e (autor) 
910 |a Fondo General 
920 |a Impresos - Libros 
930 |a Colección General 
905 |a 101 
901 |a 0500130094  |b IT1  |c ACC  |u 20250521 
902 |a https://opac.biblio.iteso.mx/vufind/Record/000187865